|
|
|
|
| LEADER |
00728nta a2200205 i 4500 |
| 001 |
dokt7616 |
| 005 |
20221004154018.0 |
| 008 |
221004s1978 hu om 0|| hun d |
| 040 |
|
|
|a SZTE Doktori Repozitórium
|b hun
|
| 041 |
|
|
|a hun
|
| 100 |
1 |
|
|a Szőnyi Ernő
|
| 245 |
1 |
2 |
|a A szocialista demokrácia fejlődésének lehetőségei a fejlett szocializmusban
|h [elektronikus dokumentum] /
|c Szőnyi Ernő
|
| 260 |
|
|
|c 1978
|
| 502 |
|
|
|a Disszertacio
|
| 650 |
|
4 |
|a filozófiai tudományok
|
| 650 |
|
4 |
|a Bölcsészettudományok
|
| 650 |
|
4 |
|a Filozófia, etika és vallástudományok
|
| 695 |
|
|
|a Filozófia
|
| 700 |
1 |
|
|a nincs megadva
|e ths
|
| 856 |
4 |
0 |
|u https://doktori.bibl.u-szeged.hu/id/eprint/7616/1/1978_szonyi_erno.pdf
|z Dokumentum-elérés
|